00738nam a2200145 a 4500008004100000020001800041050002000059100001900079245007800098260003600176300002900212490002900241500030100270650002100571220302s2007 ||||||||||||||||| || u a9781405881708 aPQ 1126. A4 Eas aTrimble, Irene10aPirates of the Caribbean : The curse of the Black PearlcBy Irene Trimble aEssex bPearson Educationc2007 a42 pages : illustrations aPenguin Readers, Level 2 aAdapated by Irene Trimble; based on the screenplay by Ted Elliot and Terry Rossio; screen story by Ted Elliot and Terry Rossio and Stuart Beattie and Jay Walpert; based on Walt Disney's Pirates of the Caribbean; produced by Jerry Bruckheimen; directed by Gore Verbinski; retold by Diana Eastment. aENGLISH LANGUAGE